| 000 | 00779nam a2200193 a 4500 | ||
|---|---|---|---|
| 001 | 000038744 | ||
| 005 | 20250924073803.0 | ||
| 008 | 130419s1999 dr 000 0 spa d | ||
| 100 | 1 |
_aRosario G., Diego L. _965047 |
|
| 245 | 1 | 0 | _aFundamentos de administración turística /. |
| 246 | 1 | 4 |
_aFundamentos de administración turística : _btexto guía de consulta para administración turística |
| 260 |
_aSanto Domingo : _bUniversidad Autónoma de Santo Domingo, _c1999. |
||
| 300 |
_a231 p. : _bil., ; _c24 cm. |
||
| 490 | 1 |
_aPublicaciones de la Universidad Autónoma de Santo Domingo _v949 |
|
| 490 | 1 |
_aEconomía y sociedad _v39 |
|
| 830 |
_aPublicaciones de la Universidad Autónoma de Santo Domingo _v949 _952 |
||
| 830 | 0 |
_aEconomía y sociedad _v38 _99447 |
|
| 999 |
_c38234 _d38234 |
||
| 040 | _aDO-SdBNP | ||